<?xml version="1.0" encoding="UTF-8"?>
<collection xmlns:xsi="http://www.w3.org/2001/XMLSchema-instance" xsi:schemaLocation="http://www.loc.gov/MARC21/slim http://www.loc.gov/standards/marcxml/schema/MARC21slim.xsd" xmlns="http://www.loc.gov/MARC21/slim">
 <record>
  <leader>00000nam a2200000 i 4500</leader>
  <controlfield tag="001">UP-1685523046126130645</controlfield>
  <controlfield tag="003">Buklod</controlfield>
  <controlfield tag="005">20230523091015.0</controlfield>
  <controlfield tag="006">m    |o  d |      </controlfield>
  <controlfield tag="007">cr |||||||||||</controlfield>
  <controlfield tag="008">230523s2022    cau        u        eng  </controlfield>
  <datafield tag="020" ind1=" " ind2=" ">
   <subfield code="a">9781608687701 (ebook)</subfield>
  </datafield>
  <datafield tag="035" ind1=" " ind2=" ">
   <subfield code="a">22369564</subfield>
  </datafield>
  <datafield tag="040" ind1="0" ind2=" ">
   <subfield code="a">DLC</subfield>
   <subfield code="d">DCAL</subfield>
   <subfield code="e">rda</subfield>
  </datafield>
  <datafield tag="041" ind1="0" ind2=" ">
   <subfield code="a">eng</subfield>
  </datafield>
  <datafield tag="090" ind1="0" ind2="0">
   <subfield code="a">PS 169 P39</subfield>
   <subfield code="b">S58 2022eb</subfield>
  </datafield>
  <datafield tag="100" ind1="1" ind2=" ">
   <subfield code="a">Sluyter, Dean</subfield>
   <subfield code="e">author.</subfield>
  </datafield>
  <datafield tag="245" ind1="1" ind2="4">
   <subfield code="a">The Dharma bum's guide to western literature</subfield>
   <subfield code="b">finding nirvana in the classics</subfield>
   <subfield code="c">Dean Sluyter.</subfield>
  </datafield>
  <datafield tag="246" ind1="3" ind2="0">
   <subfield code="a">Guide to western literature</subfield>
  </datafield>
  <datafield tag="264" ind1=" " ind2="1">
   <subfield code="a">Novato, California</subfield>
   <subfield code="b">New World Library</subfield>
   <subfield code="c">[2022]</subfield>
  </datafield>
  <datafield tag="300" ind1=" " ind2=" ">
   <subfield code="a">1 online resource (301 pages) </subfield>
   <subfield code="b">illustrations</subfield>
  </datafield>
  <datafield tag="336" ind1=" " ind2=" ">
   <subfield code="a">text</subfield>
   <subfield code="2">rdacontent</subfield>
  </datafield>
  <datafield tag="337" ind1=" " ind2=" ">
   <subfield code="a">computer</subfield>
   <subfield code="2">rdamedia</subfield>
  </datafield>
  <datafield tag="338" ind1=" " ind2=" ">
   <subfield code="a">online resource</subfield>
   <subfield code="2">rdacarrier</subfield>
  </datafield>
  <datafield tag="504" ind1=" " ind2=" ">
   <subfield code="a">Includes bibliographical references (page 278) and index.</subfield>
  </datafield>
  <datafield tag="505" ind1="0" ind2="0">
   <subfield code="a">William Blake: Eternity's Sunrise -- F. Scott Fitzgerald: The Great Gatsby: Unutterable Visions -- Frederick Douglass: The Slave Narrative: Tribulation -- Thoreau, Emerson &amp; Friends: Future Buddhas of America -- Dr. Seuss: The Cat In The Hat: Have No Fear -- Virginia Woolf: To The Lighthouse: Plenty for Everybody -- Ernest Hemingway: A Farewell To Arms: Pebbles and Boulders -- Samuel Taylor Coleridge: Kubla Khan: The Milk of Paradise -- John Donne: A Valediction: Forbidding Mourning: Let Us Melt -- Mark Twain: Adventures Of Huckleberry Finn: Betwixt Two Things -- John Keats: Still -- Edwin Abbott Abbott: Flatland: Upward, Not Northward -- William Shakespeare: Macbeth: What's Your Hurry -- Samuel Beckett: Waiting For Godot: Thanks for Nothing -- Rodgers &amp; Hammerstein: Oklahoma!: OK -- Gerard Manley Hopkins: Flame Out -- Toni Morrison: The Bluest Eye: Love Nonetheless -- Herman Melville: Moby Dick: Whiteness -- Emily Dickinson: I'm Nobody -- Walt Whitman: I Am Large -- J.D. Salinger: Ah, Buddy -- Key, Rogers &amp; Franklin: Three Anthems: Look Again.</subfield>
  </datafield>
  <datafield tag="520" ind1="0" ind2=" ">
   <subfield code="a">&quot;A meditation instructor and former English teacher shows how the great classics of Western literature illustrate the essential concepts of Eastern philosophy. The discussion includes works by authors such as John Keats, William Shakespeare, Virginia Woolf, Frederick Douglass, and many others&quot;--Provided by publisher.</subfield>
  </datafield>
  <datafield tag="650" ind1="0" ind2="0">
   <subfield code="a">Philosophy, Asian, in literature.</subfield>
  </datafield>
  <datafield tag="650" ind1="0" ind2="0">
   <subfield code="a">Transcendence (Philosophy) in literature.</subfield>
  </datafield>
  <datafield tag="650" ind1="0" ind2="0">
   <subfield code="a">American literature</subfield>
   <subfield code="x">History and criticism.</subfield>
  </datafield>
  <datafield tag="650" ind1="0" ind2="0">
   <subfield code="a">English literature</subfield>
   <subfield code="x">History and criticism.</subfield>
  </datafield>
  <datafield tag="650" ind1="0" ind2="0">
   <subfield code="a">Electronic books.</subfield>
  </datafield>
  <datafield tag="842" ind1=" " ind2=" ">
   <subfield code="a">Electronic Resource</subfield>
  </datafield>
  <datafield tag="856" ind1="4" ind2="0">
   <subfield code="z">Available for the University of the Philippines Diliman on campus and remote access via EBSCO eBooks.</subfield>
   <subfield code="y">Click here to access thru OpenAthens</subfield>
   <subfield code="u">http://search.ebscohost.com/login.aspx?direct=true&amp;scope=site&amp;db=nlebk&amp;db=nlabk&amp;AN=3181893</subfield>
   <subfield code="z">(viewed 22 May 2023)</subfield>
  </datafield>
  <datafield tag="905" ind1=" " ind2=" ">
   <subfield code="a">FO</subfield>
  </datafield>
  <datafield tag="852" ind1="0" ind2=" ">
   <subfield code="a">UPD</subfield>
   <subfield code="b">DCAL</subfield>
   <subfield code="h">PS 169 P39</subfield>
   <subfield code="i">S58 2022EB</subfield>
  </datafield>
  <datafield tag="942" ind1=" " ind2=" ">
   <subfield code="a">Electronic Resource</subfield>
  </datafield>
 </record>
</collection>
